00950nab a22001937a 450000500170000000800410001704000250005804100080008304400070009111000480009824500320014626000810017830000420025950501720030165000430047365000520051665000610056877301270062920150810134638.0150806b1982 ck |||||r|||| 00| 0 spa d aCO-BoIAVHcCO-BoIAVH0 aspa ack1 aUniversidad del Tolimab, Grupo ecológico1 aAquí, San Andrés S.O.S.3 aIbagué (Colombia):bCentro de publicaciones Universidad del Tolima,c1982. aVol.6, Nro. 63, Año 1982, Pag. 1-2. aImpacto sobre la ecoestructura natural. Impacto sobre la ecoestructura social. Una sociedad al margen de la ley. Hacia el futuro: Ecodesarrollo y gestión ambiental. 6aEcodesarrollozSan Andrés (Colombia) 6aEcologíaxEstructurazSan Andrés (Colombia) 6aEcologíaxEstructuraxImpactozSan Andrés (Colombia)0 aUniversidad del TolimadIbagué (Colombia): Centro de publicaciones de la Universidad del Tolima, 1977-.tSOS ecológico